000 00436pab a2200169 454500
008 180718b2010 xxu||||| |||| 00| 0 eng d
100 _aKakkar, Rachna
245 _aInteractive anti-ragging sessions ... an initiative to make institutes ragging - free!
260 _c2010
300 _ap.36-38.
362 _a20 Sep
650 _aRagging
700 _aDua, Ashok K.
773 _aUniversity News
908 _aN
909 _a87990
999 _c87990
_d87990